Pokémon aus Generation 9 - Statistiken

Allgemein
  • Dieses Quiz wurde 124 mal gespielt
  • Das Durchschnittsergebnis liegt bei 60 aus 120
Antwortstatistiken
Hint Antwort % Korrekt
0906 Felori
86%
0909 Krokel
80%
1007 Koraidon
77%
0912 Kwaks
77%
0908 Maskagato
77%
0907 Feliospa
74%
1008 Miraidon
74%
0914 Bailonda
71%
0928 Olini
71%
0927 Backel
69%
0913 Fuentente
69%
0926 Hefel
69%
0910 Lokroko
69%
0911 Skelokrok
69%
0922 Pamamo
66%
0921 Pamo
66%
0968 Schlurm
66%
0937 Azugladis
63%
0915 Ferkuli
63%
0916 Fragrunz
63%
0930 Olithena
63%
0923 Pamomamo
63%
0984 Riesenzahn
63%
0982 Dummimisel
60%
0925 Famieps
60%
0981 Farigiraf
60%
0983 Gladimperio
60%
0935 Knarbon
60%
0920 Lextremo
60%
0967 Mopex
60%
0960 Schligda
60%
0961 Schligdri
60%
0949 Tenterra
60%
0941 Voltrean
60%
0924 Zwieps
60%
0993 Eisenhals
57%
0992 Eisenhand
57%
1006 Eisenkrieger
57%
0990 Eisenrad
57%
0972 Friedwuff
57%
0999 Gierspenst
57%
0971 Gruff
57%
0919 Micrick
57%
0917 Tarundel
57%
0940 Voltrel
57%
0962 Adebom
54%
0936 Crimanzo
54%
0964 Delfinator
54%
0991 Eisenbündel
54%
1019 Hydrapfel
54%
0978 Nigiragi
54%
0929 Olivinio
54%
1011 Sirapfel
54%
0980 Suelord
54%
0948 Tentagra
54%
1005 Donnersichel
51%
1010 Eisenblatt
51%
0995 Eisendorn
51%
0994 Eisenfalter
51%
0998 Espinodon
51%
0957 Forgita
51%
1021 Furienblitz
51%
0959 Granforgita
51%
0966 Knattatox
51%
0965 Knattox
51%
1000 Monetigo
51%
0989 Sandfell
51%
0918 Spinsidias
51%
0986 Wutpilz
51%
1002 Baojian
49%
0997 Cryospino
49%
1023 Eisenhaupt
49%
0979 Epitaff
49%
0973 Flaminkno
49%
0987 Flatterhaar
49%
0996 Frospino
49%
0950 Klibbe
49%
0931 Krawalloro
49%
0988 Kriechflügel
49%
0985 Brüllschweif
46%
0963 Normifin
46%
0958 Tafforgita
46%
1004 Yuyu
46%
0951 Chilingel
43%
0932 Geosali
43%
0952 Halupenjo
43%
1020 Keilflamme
43%
0975 Kolowal
43%
0934 Saltigant
43%
1001 Chongjian
40%
1003 Dinglu
40%
1022 Eisenfels
40%
1009 Windewoge
40%
0938 Blipp
37%
1018 Briduradon
37%
0970 Lumiflora
37%
0933 Sedisal
37%
0939 Wampitz
37%
0974 Flaniwal
34%
0969 Lumispross
34%
1015 Benesaru
31%
0977 Heerashai
31%
0947 Horrerba
31%
1017 Ogerpon
31%
1024 Terapagos
31%
0946 Weherba
31%
0945 Affiti
29%
1016 Beatori
29%
0955 Flattutu
29%
0943 Mastifioso
29%
0942 Mobtiff
29%
1014 Boninu
26%
0953 Relluk
26%
0954 Skarabaks
26%
0944 Sproxi
26%
0976 Agiluza
23%
1025 Infamomo
23%
1013 Fatalitcha
20%
1012 Mortcha
20%
0956 Psiopatra
20%
Keine übereinstimmenden Quizze gefunden
Verteilung der Resultate
Anzahl Personen mit jedem Resultat
Perzentil nach korrekt beantworteten Fragen
Ihre Resultats-Entwicklung
Sie haben dieses Quiz noch nicht gespielt